[Event "Medellin Aristizabal Cup"]
[Site "Medellin"]
[Date "2020.01.31"]
[Round "3"]
[White "Cuervo Velasquez, Juan Manuel"]
[Black "Lopez Guarin, Simon"]
[Result "0-1"]
[WhiteElo "1149"]
[BlackElo "1587"]
[PlyCount "38"]
[EventDate "2020.01.29"]
[EventType "swiss"]
[EventRounds "7"]
[EventCountry "COL"]
[SourceTitle "CBM 194 Extra"]
[Source "ChessBase"]
[SourceDate "2020.03.31"]
[SourceVersion "1"]
[SourceVersionDate "2020.03.31"]
[SourceQuality "1"]

1. e4 e5 2. Nf3 Nc6 3. Nc3 Bc5 4. Nxe5 Bxf2+ 5. Kxf2 Nxe5 6. d4 Ng6 7. Kg1 c6 8. Bd3 Qb6 9. Bc4 N8e7 10. b3 0-0 11. Be3 d5 12. exd5 Nf5 13. Bf2 cxd5 14. Nxd5 Qd6 15. Ne3 Re8 16. Nxf5 Bxf5 17. Qf3 Be4 18. Bxf7+ Kf8 19. Bg3 Qxd4+ 0-1

[Event "Medellin Easter op 7th"]
[Site "Medellin"]
[Date "2017.04.14"]
[Round "4"]
[White "Herrera Yeider, Farit"]
[Black "Lopez Guarin, Simon"]
[Result "1-0"]
[WhiteElo "1258"]
[BlackElo "1575"]
[PlyCount "43"]
[EventDate "2017.04.12"]
[EventType "swiss"]
[EventRounds "8"]
[EventCountry "COL"]
[SourceTitle "CBM 177 Extra"]
[Source "ChessBase"]
[SourceDate "2017.04.27"]
[SourceVersion "1"]
[SourceVersionDate "2017.04.27"]
[SourceQuality "1"]

1. e4 e5 2. Nf3 Nc6 3. Bb5 a6 4. Bxc6 dxc6 5. 0-0 Bd6 6. h3 Nf6 7. Re1 0-0 8. d3 h6 9. Nbd2 Nh7 10. Nf1 Qf6 11. Ng3 Bd7 12. Be3 g5 13. d4 Rad8 14. dxe5 Bxe5 15. Nh5 Qd6 16. Nxe5 Qxe5 17. Bd4 Qd6 18. c3 c5 19. Bg7 Qxd1 20. Raxd1 Rfe8 21. Nf6+ Nxf6 22. Bxf6 1-0

[Event "Ibague sf3 U18"]
[Site "Ibague"]
[Date "2017.03.24"]
[Round "2.2"]
[White "Lopez Guarin, Simon"]
[Black "Oliveros, Camilo"]
[Result "0-1"]
[WhiteElo "1526"]
[BlackElo "2030"]
[PlyCount "58"]
[EventDate "2017.03.23"]
[EventType "swiss"]
[EventRounds "6"]
[EventCountry "COL"]
[SourceTitle "EXT 2024"]
[Source "ChessBase"]
[SourceDate "2023.10.10"]
[SourceVersion "1"]
[SourceVersionDate "2023.10.10"]
[SourceQuality "1"]

1. e4 e5 2. Nf3 Nc6 3. Bb5 a6 4. Ba4 Nf6 5. 0-0 b5 6. Bb3 Be7 7. Re1 d6 8. c3 0-0 9. d4 Bg4 10. d5 Na5 11. Bc2 c6 12. h3 Bc8 13. Bg5 Qc7 14. a4 Bb7 15. Bxf6 Bxf6 16. g4 cxd5 17. exd5 Nc4 18. b3 Nb6 19. g5 Be7 20. Qd3 g6 21. axb5 axb5 22. Na3 Nxd5 23. Nxb5 Qb6 24. c4 Rxa1 25. Rxa1 Nb4 26. Qe2 Nxc2 27. Qxc2 Bxf3 28. Qc3 Bb7 29. h4 Qc6 0-1

[Event "Medellin sf1 U18"]
[Site "Medellin"]
[Date "2017.02.24"]
[Round "2.3"]
[White "Lopez Guarin, Simon"]
[Black "Arboleda Orozco, Juan M"]
[Result "0-1"]
[WhiteElo "1538"]
[BlackElo "1904"]
[PlyCount "78"]
[EventDate "2017.02.23"]
[EventType "swiss"]
[EventRounds "5"]
[EventCountry "COL"]
[SourceTitle "EXT 2024"]
[Source "ChessBase"]
[SourceDate "2023.10.10"]
[SourceVersion "1"]
[SourceVersionDate "2023.10.10"]
[SourceQuality "1"]

1. e4 c5 2. Nf3 d6 3. d4 cxd4 4. Nxd4 Nf6 5. Nc3 g6 6. Be3 Bg7 7. f3 0-0 8. g4 Nc6 9. h4 Qb6 10. Nf5 Qxb2 11. Na4 Qa3 12. c3 gxf5 13. Bc1 Qxa4 14. Qxa4 Nxe4 15. fxe4 Bxc3+ 16. Bd2 Bxa1 17. gxf5 Kh8 18. Bb5 Be5 19. Bxc6 bxc6 20. Qxc6 Rb8 21. Ke2 Rb6 22. Qc7 Ba6+ 23. Kf3 Rg8 24. Bc3 Rg3+ 25. Kf2 Rg7 26. Bxe5 dxe5 27. Qxe5 f6 28. Qd4 Rd6 29. Qa4 Rg8 30. Rd1 Bb5 31. Qc2 Rc6 32. Qb3 Rb6 33. Qf7 Ba4 34. Rd4 Rb2+ 35. Kf3 Be8 36. Qxe7 Bh5+ 37. Kf4 Rg4+ 38. Ke3 Rg3+ 39. Kf4 Rf3# 0-1